00845nas a2200229Ia 4500001001100000003000900011008004100020040001300061040001300074041001300087100004400100210001500144222001500159245006200174250001100236260002400247501008600271300001700357362002600374500017200400650004300572R137/A9849IT-RoPAU151124c99999999xx |||||||||||| ||und|| aIT-RoPAU cIT-RoPAU aITALIANO aPasini EnricogCodice Aut. SPICS: 45751 aMULTIMEDIA aMultimedia aMULTIMEDIA, ANNO 02-N.08 (1992)bAntico E Il Nuovo (L')-2 a1a ed. aTORINObSONDAc1992 bPaulus - SPICS - Società San Paolo EM (non-commercial uses only)cCopyright2015 a6 p. [40-45] aANNO 002, N.08 (1992) aSeconda Parte del Saggio: Ruolo del Libro Stampato Come Modello Tecnologico Nei Confronti Delle Tecnologie con Cui è Realizzato. Costellazioni. Oblio e Reviviscenza. aCOMUNICAZIONEvPUBBLICAZIONE PERIODICA